000
00238nam a2200097Ia 4500
008
190216s9999||||xx |||||||||||||| ||und||
100
_a
Nambeeshan C N
245
0
_a
Bhouthikam Vol I Ii Iii
260
_b
Kerala Bhasha Institute
942
_c
BK
999
_c
39730
_d
39730